00442nam a2200133 a 450000500170000000800410001705000180005810000190007624500340009526000370012944000250016699900190019195200980021020140414131929.0100922s19uu xx 00 eng d aFICbR85 1999 aWillson, Sarah aRugrats: the perfect formula. aNew York :bNickelodeon,c2000. aRugrats chapter book c112161d112161 001040aMUbMUcFICd2010-09-22l0oFIC R85 1999pM3235r2014-04-14 00:00:00w2014-04-14yBK